| 000 | 00452nam a2200181Ia 4500 | ||
|---|---|---|---|
| 008 | 230524s9999 xx 000 0 und d | ||
| 020 | _a8173190690 | ||
| 082 |
_a4.16 _bKES |
||
| 100 | _aD.Driankov | ||
| 245 | 3 | _aAn Introduction to Fuzzy Control | |
| 250 | _a2ND | ||
| 260 |
_aNEW DELHI _bNarosa _c2005 |
||
| 300 | _aXIV;497 | ||
| 500 | _aQuantity Number: 2 | ||
| 650 | _aMathematics | ||
| 700 | _a" H.Hellendoorn , M.Reinfrank,,," | ||
| 942 | _cBK | ||
| 999 |
_c3885 _d3885 |
||